000 00396nam a2200133Ia 4500
008 220217s9999||||xx |||||||||||||| ||und||
020 _a81-203-1277-5
082 _a005.13 ROW
100 _aRowe, Glenn, W
_93003
245 0 _aIntroduction to data structures and algorithms with C++
260 _aPrentice hall of india
_bNew Delhi
_c2001
300 _b125
650 _aPROGRAMMING LANGUAGE
999 _c171858
_d171858